[Event "AUT-ch Seniors 50"]
[Site "Vienna"]
[Date "2023.05.15"]
[Round "1"]
[White "Schreib, Christian"]
[Black "Kucharski, Michael"]
[Result "1/2-1/2"]
[WhiteElo "1591"]
[BlackElo "1903"]
[PlyCount "70"]
[EventDate "2023.05.15"]
[EventType "swiss"]
[EventRounds "7"]
[EventCountry "AUT"]
[SourceTitle "CBM 214 Extra"]
[Source "ChessBase"]
[SourceDate "2023.07.31"]
[SourceVersion "1"]
[SourceVersionDate "2023.07.31"]
[SourceQuality "1"]

1. e4 c6 2. d4 d5 3. Nc3 dxe4 4. Nxe4 Bf5 5. Nc5 b6 6. Na6 Nxa6 7. Bxa6 Bc8 8. Qf3 Qd5 9. Qxd5 cxd5 10. Bb5+ Bd7 11. Bxd7+ Kxd7 12. Nf3 f6 13. Bf4 e6 14. g4 Bd6 15. Bxd6 Kxd6 16. g5 Ne7 17. Rg1 Rhg8 18. gxf6 gxf6 19. 0-0-0 Rxg1 20. Rxg1 Rg8 21. Rg3 Rg6 22. b3 Nf5 23. Rxg6 hxg6 24. c4 g5 25. h3 Nh6 26. Kd2 g4 27. hxg4 Nxg4 28. Ke2 e5 29. dxe5+ fxe5 30. cxd5 Kxd5 31. Nd2 Kd4 32. f3 Nf6 33. Nb1 b5 34. Na3 a6 35. Kd2 Kc5 1/2-1/2

[Event "Vienna State-chC"]
[Site "Vienna"]
[Date "2022.09.24"]
[Round "8"]
[White "Schreib, Christian"]
[Black "Ganahl, Herbert"]
[Result "1/2-1/2"]
[WhiteElo "1589"]
[BlackElo "1488"]
[PlyCount "72"]
[EventDate "2022.09.17"]
[EventType "swiss"]
[EventRounds "9"]
[EventCountry "AUT"]
[SourceTitle "CBM 210 Extra"]
[Source "ChessBase"]
[SourceDate "2022.11.30"]
[SourceVersion "1"]
[SourceVersionDate "2022.11.30"]
[SourceQuality "1"]

1. e4 c5 2. Nf3 d6 3. Bb5+ Nc6 4. 0-0 e5 5. c3 Nf6 6. Re1 a6 7. Bxc6+ bxc6 8. d4 cxd4 9. cxd4 exd4 10. e5 dxe5 11. Nxe5 Be6 12. Nxc6 Qd5 13. Nxd4 Rd8 14. Nxe6 fxe6 15. Qxd5 Rxd5 16. Rxe6+ Kf7 17. Re1 Bc5 18. Nc3 Rd7 19. Be3 Bb4 20. Red1 Rc7 21. Nd5 Nxd5 22. Rxd5 Re8 23. a3 Bf8 24. b4 Rec8 25. Rad1 Ke6 26. g3 Rc3 27. R1d3 Rxa3 28. Rxa3 Kxd5 29. Rxa6 Bxb4 30. Ra7 Bc3 31. Kg2 Ke6 32. h4 h6 33. Rb7 Be5 34. Kf3 Rc4 35. Kg2 Bf6 36. Kf3 Be7 1/2-1/2

[Event "Vienna State-chC"]
[Site "Vienna"]
[Date "2022.09.21"]
[Round "5"]
[White "Ruck, Helmut"]
[Black "Schreib, Christian"]
[Result "1/2-1/2"]
[WhiteElo "1662"]
[BlackElo "1589"]
[PlyCount "92"]
[EventDate "2022.09.17"]
[EventType "swiss"]
[EventRounds "9"]
[EventCountry "AUT"]
[SourceTitle "CBM 210 Extra"]
[Source "ChessBase"]
[SourceDate "2022.11.30"]
[SourceVersion "1"]
[SourceVersionDate "2022.11.30"]
[SourceQuality "1"]

1. d4 Nf6 2. Nf3 e6 3. e3 c5 4. b3 b6 5. Bb2 Bb7 6. Be2 cxd4 7. Bxd4 d6 8. 0-0 Nbd7 9. c4 Be7 10. Nbd2 0-0 11. Bb2 d5 12. Rc1 Rc8 13. a3 dxc4 14. Nxc4 b5 15. Nd6 Rxc1 16. Bxc1 Qb6 17. Nxb7 Qxb7 18. b4 a6 19. Bb2 Rd8 20. Qb3 Nb6 21. Rd1 Rxd1+ 22. Qxd1 Qd5 23. Qxd5 Nfxd5 24. Bd3 Bf6 25. Bc1 Na4 26. Nd4 Bxd4 27. exd4 Nab6 28. Kf1 h6 29. g3 Kf8 30. Ke2 Ke7 31. Kd2 Kd7 32. Kc2 Ke7 33. f4 f5 34. h3 h5 35. Be2 g6 36. g4 hxg4 37. hxg4 Nf6 38. g5 Nfd5 39. Bd2 Kd6 40. Kb3 Ke7 41. Bd3 Kd6 42. Be2 Ke7 43. Kc2 Kd6 44. Bd1 Ke7 45. Kd3 Kd6 46. Bb3 Ke7 1/2-1/2

[Event "Vienna State-chC"]
[Site "Vienna"]
[Date "2022.09.19"]
[Round "3"]
[White "Schreib, Christian"]
[Black "Zikic, Goran"]
[Result "1/2-1/2"]
[WhiteElo "1589"]
[BlackElo "1340"]
[PlyCount "33"]
[EventDate "2022.09.17"]
[EventType "swiss"]
[EventRounds "9"]
[EventCountry "AUT"]
[SourceTitle "CBM 210 Extra"]
[Source "ChessBase"]
[SourceDate "2022.11.30"]
[SourceVersion "1"]
[SourceVersionDate "2022.11.30"]
[SourceQuality "1"]

1. e4 e5 2. Nf3 d6 3. d4 exd4 4. Nxd4 Bd7 5. Bc4 Nc6 6. 0-0 Nf6 7. Nc3 Be7 8. Nf3 Bg4 9. Bf4 Nh5 10. Bg3 0-0 11. Be2 Nxg3 12. hxg3 Bf6 13. Nd5 Bxf3 14. Nxf6+ Qxf6 15. gxf3 Nd4 16. c3 Nxe2+ 17. Qxe2 1/2-1/2

[Event "Vienna State-chC"]
[Site "Vienna"]
[Date "2022.09.17"]
[Round "1"]
[White "Schreib, Christian"]
[Black "Aichinger, Johannes"]
[Result "1-0"]
[WhiteElo "1589"]
[BlackElo "1169"]
[PlyCount "63"]
[EventDate "2022.09.17"]
[EventType "swiss"]
[EventRounds "9"]
[EventCountry "AUT"]
[SourceTitle "CBM 210 Extra"]
[Source "ChessBase"]
[SourceDate "2022.11.30"]
[SourceVersion "1"]
[SourceVersionDate "2022.11.30"]
[SourceQuality "1"]

1. e4 e5 2. Nf3 Nc6 3. Bc4 Bc5 4. d3 d6 5. Be3 Bb6 6. h3 h6 7. a3 Nf6 8. Bxb6 axb6 9. Nc3 0-0 10. Qd2 Be6 11. Nd5 Bxd5 12. Bxd5 Nxd5 13. exd5 Ne7 14. c4 b5 15. 0-0 c6 16. dxc6 bxc4 17. cxb7 Rb8 18. dxc4 Rxb7 19. Rfd1 f6 20. b4 d5 21. cxd5 Rd7 22. d6 Nf5 23. Qd5+ Kh8 24. Qe4 Nxd6 25. Qg6 Qe7 26. Nh4 f5 27. Qg3 Ne4 28. Ng6+ Kh7 29. Rxd7 Nxg3 30. Rxe7 Ne2+ 31. Kf1 Kxg6 32. Kxe2 1-0